00699 2200253 4500001002100000005001700021008004100038020001800079035002400097090001500121111002300136245008000159250001100239260003000250300002500280500003100305650001900336700001900355700002000374850001500394980001500409985000600424999001500430YOGYA-0209000003527320090227025006.0 ind  a979-453-405-8 0010-020900000035273 a909bRim S aTim Sejarah Budaya aSejarah budayacTim Sejarah Budaya ; editor, Zulfikri Anas, Moh Nunuh Saleh aCet. 1 aJakartabYudhistirac1996 a159 hlmbilusc25 cm aBibliografi : hlm. 158-159 aSejarah budaya aAnas, Zulfikri aSaleh Moh Nunuh aYOPDYOG(B) a19-09-2006 a1 aB000002246